Least Related Species 1 (Animal Phylogeny) - Statistics

General Stats
  • This quiz has been taken 138 times
  • The average score is 4 of 8
Answer Stats
Question Answer % Correct
Which lineage diverged first? Dromedary
85%
Which lineage diverged first? Orangutan
73%
Which lineage diverged first? Serval
47%
Which lineage diverged first? Green Iguana
42%
Which lineage diverged first? Peregrine Falcon
39%
Which lineage diverged first? Common Octopus
38%
Which lineage diverged first? Woodpecker
28%
Which lineage diverged first? Skunk
15%
No matching quizzes found
Score Distribution
Percent of People with Each Score
Percentile by Number Answered
Your Score History
You have not taken this quiz